000 01489cam a2200145 4500500
005 20260405085526.0
041 _afre
042 _adc
100 1 0 _aCasellas, Laure
_eauthor
700 1 0 _aOurgaud, Alexandre
_eauthor
245 0 0 _aMa dose quotidienne d'histoire des arts : 365 notions en peinture, sculpture, musique, danse et théâtre
260 _bArmand Colin,
_c2023.
520 _a« Ma dose quotidienne » embarque le lecteur pour un tour du monde de l’histoire de l’art en 365 jours !  Au fil des pages, retrouvez les dates clés de l’histoire de la peinture, de la sculpture, de la musique, de la danse et du théâtre. personnages connus ou anonymes les plus marquants.  De la naissance de Michel-Ange à la mort de Michael Jackson, Laure Casellas et Alexandre Ourgaud égrainent les temps forts qui font l’histoire des arts. 4 mars 1678 : naissance d’Antonio Vivaldi. 4 novembre 1783 : création de la  symphonie n°36 de Mozart. 7 octobre 1881 : première exposition de Paul Cézanne. 5 octobre 2018 : destruction de « La Petite Fille au ballon rouge ».  Evénements, mouvements artistiques, œuvres emblématiques et  artistes, les auteurs de cette dose quotidienne rendent hommage au monde des arts. Cet  éphéméride truffé d’anecdotes et de citations est à lire au fil de jours ou de ses envies. 
856 4 1 _uhttps://shs.cairn.info/ma-dose-quotidienne-d-histoire-des-arts--9782200635237?lang=fr&redirect-ssocas=7080
999 _c2198277
_d2198277